<?xml version="1.0" encoding="UTF-8"?>
<record
    xmlns:xsi="http://www.w3.org/2001/XMLSchema-instance"
    xsi:schemaLocation="http://www.loc.gov/MARC21/slim http://www.loc.gov/standards/marcxml/schema/MARC21slim.xsd"
    xmlns="http://www.loc.gov/MARC21/slim">

  <leader>01594nam a22002057a 4500</leader>
  <controlfield tag="003">IT-MiCISF</controlfield>
  <controlfield tag="005">20231004141630.0</controlfield>
  <controlfield tag="008">231004b        |||||||| |||| 00| 0 eng d</controlfield>
  <datafield tag="040" ind1=" " ind2=" ">
    <subfield code="c">IT-MiCISF</subfield>
  </datafield>
  <datafield tag="041" ind1=" " ind2=" ">
    <subfield code="a">it</subfield>
  </datafield>
  <datafield tag="100" ind1=" " ind2=" ">
    <subfield code="a">Bordeyne Philippe</subfield>
    <subfield code="9">60262</subfield>
  </datafield>
  <datafield tag="245" ind1=" " ind2=" ">
    <subfield code="a">Famiglie alla ricerca di Dio.</subfield>
    <subfield code="b">Orientamenti teologici e pastorali per i tempi nuovi</subfield>
  </datafield>
  <datafield tag="260" ind1=" " ind2=" ">
    <subfield code="a">Roma, </subfield>
    <subfield code="b">Studium, </subfield>
    <subfield code="c">2023</subfield>
  </datafield>
  <datafield tag="300" ind1=" " ind2=" ">
    <subfield code="a">pp. 151</subfield>
  </datafield>
  <datafield tag="500" ind1=" " ind2=" ">
    <subfield code="a">pastorale-familiare, spiritualit&#xE0;-coniugale, amoris-laetitia, teologia, chiesa, societ&#xE0;, cambiamento</subfield>
  </datafield>
  <datafield tag="520" ind1=" " ind2=" ">
    <subfield code="a">Oggi non &#xE8; pi&#xF9; possibile affidarsi a una teologia e a una pastorale del matrimonio come quelle praticate fino ad ora. Occorre avere il coraggio di percorrere altre strade a partire dall'esperienza etica e spirituale delle coppie, delle famiglie e degli operatori pastorali coinvolti nel loro cammino. Tale percorso pu&#xF2; fondarsi sul cammino sinodale che sta vivendo la Chiesa in tutto il mondo. In questo libro stimolante, Philippe Bordeyne mette a fuoco il contesto sociale e culturale in cui le persone costruiscono le loro relazioni affettive e familiari, per individuare le opportunit&#xE0; di una proposta credibile del messaggio cristiano sull'amore umano. In questa direzione vengono messe in luce le risorse pedagogiche delle famiglie, le risorse liturgiche di cui dispongono le comunit&#xE0; cristiane e infine le risorse spirituali che i battezzati, e tutti coloro che sono alla ricerca di Dio, possono fare proprie nel tessuto quotidiano della vita familiare.</subfield>
  </datafield>
  <datafield tag="650" ind1=" " ind2=" ">
    <subfield code="a">pastorale-familiare</subfield>
  </datafield>
  <datafield tag="654" ind1=" " ind2=" ">
    <subfield code="a">saggio</subfield>
  </datafield>
  <datafield tag="942" ind1=" " ind2=" ">
    <subfield code="2">ddc</subfield>
    <subfield code="c">BK</subfield>
  </datafield>
  <datafield tag="999" ind1=" " ind2=" ">
    <subfield code="c">359852</subfield>
    <subfield code="d">359852</subfield>
  </datafield>
  <datafield tag="952" ind1=" " ind2=" ">
    <subfield code="0">0</subfield>
    <subfield code="1">0</subfield>
    <subfield code="2">ddc</subfield>
    <subfield code="4">0</subfield>
    <subfield code="6">A_2432_000000000000000</subfield>
    <subfield code="7">1</subfield>
    <subfield code="a">CISF</subfield>
    <subfield code="b">CISF</subfield>
    <subfield code="d">2023-10-04</subfield>
    <subfield code="l">0</subfield>
    <subfield code="o">A2432</subfield>
    <subfield code="p">9788838253041</subfield>
    <subfield code="r">2023-10-04 14:17:45</subfield>
    <subfield code="w">2023-10-04</subfield>
    <subfield code="y">BK</subfield>
  </datafield>
</record>
